000 00643nam a2200229Ia 4500
003 OSt
005 20220927104833.0
006 a|||||r|||| 00| 0
007 ta
008 220926b |||||||| |||| 00| 0 eng d
024 _a136747
037 _cReference Collections
040 _aRTL
_cRTL
_beng
041 _2eng
_aeng
082 _a"X:9.247.P2, P3/GD"
245 0 _a"ASSAM HUMAN development report, 2000"
260 _aGuwahati
_bGovt Press
_c2003
300 _a"xii,193p"
_ccm.
650 _aLabour Economics
942 _h"X:9.247.P2, P3/GD"
_cCC
999 _c688953
_d688953